| 000 | 00410nam a2200157Ia 4500 | ||
|---|---|---|---|
| 005 | 20250529020831.0 | ||
| 008 | 240331s9999 xx 000 0 und d | ||
| 020 | _a13916866 | ||
| 082 |
_bSAN _a303 |
||
| 245 | 0 | _aSanskruthi | |
| 260 |
_aNugegoda _bDihani Printing and publishers Limited _c2008 |
||
| 300 | _axiii, 295 p ., ( C 2 ) | ||
| 500 | _aA cultural expression | ||
| 700 |
_aSankruti. _eedt |
||
| 942 | _cL | ||
| 999 |
_c5646 _d5646 |
||